| 000 | 01698nam0a2200373 4500 | ||
|---|---|---|---|
| 001 | RU\NLR\bibl\962888 | ||
| 005 | 20260405055516.0 | ||
| 010 |
_a5-9576-0227-2 _910000 |
||
| 021 |
_aRU _b2006-24643 _91228 |
||
| 035 | _a(NLR Aleph) 001346789 | ||
| 090 |
_a895475 _c895475 |
||
| 100 | _a20060511d2006 |||y0rusy50 ca | ||
| 101 | 0 |
_arus _atur |
|
| 102 | _aRU | ||
| 105 | _ay ||||||||| | ||
| 200 | 1 |
_aТурецко-русский и русско-турецкий словарь _dTürkçe-rusça ve rusça-türkçe sözlük _eоколо 40000 слов и словосочетаний _fТ.Е. Рыбальченко _ztur |
|
| 205 | _a6-е изд., стер. | ||
| 210 |
_aМосква _cРусский язык Медиа _d2006 _eОАО Можайский полигр. комб. |
||
| 215 |
_a694,[2] с. _d17 |
||
| 300 | _aАвт. также на тур. яз.: T.E. Ribalçenko | ||
| 320 | _aБиблиогр.: с. 8 | ||
| 510 | 0 |
_6z11790 _aTürkçe-rusça ve rusça-türkçe sözlük _ztur |
|
| 606 | 1 |
_aТурецкий язык _xСловари _xРусский язык _92106480 _3RU\NLR\auth\661273433 |
|
| 606 | 1 |
_aРусский язык _xСловари _xТурецкий язык _91540502 _3RU\NLR\auth\66972812 |
|
| 686 | _aШ163.12-491перев | ||
| 686 | _aШ141.12-491перев | ||
| 700 | 1 |
_4070 _8rus _7ca _aРыбальченко _bТ. Е. _gТамара Евдокимовна _3RU\NLR\auth\7719028 _92103 |
|
| 790 | 1 |
_4070 _8rus _7ba _aRybal'čenko _bT. E. _gTamara Evdokimovna _3RU\NLR\auth\7719029 _92104 |
|
| 801 | 0 |
_aRU _bNLR _c20060311 _grcr |
|
| 801 | 1 |
_aRU _bNLR _c20060311 |
|
| 852 |
_aNLR _jОЛСАА |
||
| 942 | _cBOOK | ||
| 980 | _aNB | ||